[Event "Moscow Open A 2015"]
[Site "Moscow RUS"]
[Date "2015.01.31"]
[Round "1.73"]
[White "Elistratov, Semen"]
[Black "Alikulov, Elbek"]
[Result "0-1"]
[BlackTitle "FM"]
[WhiteElo "2206"]
[BlackElo "2418"]
[WhiteFideId "24134325"]
[BlackFideId "14203308"]
[EventDate "2015.01.31"]

1. e4 c5 2. Nf3 d6 3. d4 cxd4 4. Nxd4 Nf6 5. Nc3 a6 6. Be3 e5 7. Nb3 Be7 8. f3
O-O 9. Qd2 a5 10. a4 Be6 11. O-O-O Nc6 12. g4 Nb4 13. Kb1 Rc8 14. g5 Ne8 15. f4
f6 16. f5 Bf7 17. h4 d5 18. exd5 Nd6 19. Bd3 e4 20. Nxe4 Bxd5 21. Nxd6 Bxd6 22.
Rhg1 Qd7 23. Bb5 Qxf5 24. Nd4 Qe4 25. Rde1 Be5 26. Bf2 Qg6 27. Bd7 Bxd4 28. gxf6
Rxc2 29. Qxd4 Rc1+ 0-1

[Event "Moscow Open A 2015"]
[Site "Moscow RUS"]
[Date "2015.01.31"]
[Round "1.74"]
[White "Atabayev, Yusup"]
[Black "Komissarov, Alexey"]
[Result "1-0"]
[WhiteTitle "IM"]
[WhiteElo "2415"]
[BlackElo "2205"]
[WhiteFideId "14001128"]
[BlackFideId "4176545"]
[EventDate "2015.01.31"]

1. e4 c5 2. Nf3 d6 3. d4 cxd4 4. Nxd4 Nf6 5. Nc3 g6 6. Be3 Bg7 7. f3 Nc6 8. Qd2
O-O 9. O-O-O d5 10. Qe1 Nxd4 11. Bxd4 e6 12. Kb1 Re8 13. Bb5 Bd7 14. e5 Nh5 15.
Bxd7 Qxd7 16. g4 Nf4 17. Qd2 g5 18. h4 h6 19. hxg5 hxg5 20. Ne2 Nxe2 21. Qxe2 f6
22. Rh5 Qf7 23. Rdh1 Qg6 24. exf6 e5 25. fxg7 exd4 26. Qd2 1-0

[Event "Moscow Open A 2015"]
[Site "Moscow RUS"]
[Date "2015.01.31"]
[Round "1.75"]
[White "Urazayev, Arystanbek"]
[Black "Sychev, Klementy"]
[Result "0-1"]
[BlackTitle "IM"]
[WhiteElo "2205"]
[BlackElo "2414"]
[WhiteFideId "13709810"]
[BlackFideId "4114060"]
[EventDate "2015.01.31"]

1. e4 c5 2. Nf3 d6 3. d4 cxd4 4. Nxd4 Nf6 5. Nc3 a6 6. Be3 e5 7. Nf3 Be7 8. Bc4
O-O 9. O-O Nc6 10. Qe2 Na5 11. Bd5 Bd7 12. Rfd1 Rc8 13. a4 h6 14. Ba2 Qc7 15.
Nd2 Qb8 16. Nd5 Nxd5 17. Bxd5 Rxc2 18. Qh5 Bf6 19. Bb6 Nc6 20. Ra3 Ne7 21. Rg3
Bg5 22. Rxg5 hxg5 23. Be3 Qc8 24. Bb3 Bg4 25. Qxg5 Bxd1 0-1

[Event "Moscow Open A 2015"]
[Site "Moscow RUS"]
[Date "2015.01.31"]
[Round "1.76"]
[White "Usmanov, Vasily"]
[Black "Maksimov, Dmitri"]
[Result "1/2-1/2"]
[WhiteTitle "IM"]
[WhiteElo "2414"]
[BlackElo "2204"]
[WhiteFideId "4135741"]
[BlackFideId "24162477"]
[EventDate "2015.01.31"]

1. Nf3 Nf6 2. c4 e6 3. g3 d5 4. Bg2 Be7 5. O-O O-O 6. d4 c6 7. Nc3 Nbd7 8. Nd2
b6 9. e4 Bb7 10. Qb3 c5 11. e5 Ng4 12. cxd5 cxd4 13. Nb5 Nc5 14. Qd1 Nxe5 15. b4
Bxd5 16. bxc5 Bxg2 17. Kxg2 bxc5 18. Nf3 Nxf3 19. Qxf3 c4 20. Qe4 e5 21. Qxe5
Bf6 22. Qh5 a6 23. Na3 d3 24. Rb1 c3 25. Be3 Rc8 26. Rb3 c2 27. Bd2 Re8 28. Qf3
c1=Q 29. Rxc1 Rxc1 30. Bxc1 d2 31. Bxd2 Qxd2 32. Nc4 Qxa2 33. Nd6 Rf8 34. Ra3
Qe6 35. Rxa6 Be5 36. Qf5 Bxd6 37. Qxe6 fxe6 38. Rxd6 Kf7 39. Rd7+ Kf6 40. g4 h5 1/2-1/2

[Event "Moscow Open A 2015"]
[Site "Moscow RUS"]
[Date "2015.01.31"]
[Round "1.77"]
[White "Pletnev, Evgeniy"]
[Black "Nikologorskiy, Konstantin"]
[Result "0-1"]
[BlackTitle "FM"]
[WhiteElo "2203"]
[BlackElo "2414"]
[WhiteFideId "24104140"]
[BlackFideId "24111708"]
[EventDate "2015.01.31"]

1. f4 d5 2. Nf3 c5 3. g3 Nf6 4. Bg2 Nc6 5. O-O g6 6. d3 Bg7 7. c3 O-O 8. Qa4 Qb6
9. Kh1 d4 10. cxd4 cxd4 11. Na3 Ng4 12. Nc4 Qc5 13. Qa3 Qh5 14. Kg1 b5 15. Nce5
Bxe5 16. fxe5 Ncxe5 17. h3 Nxf3+ 18. Rxf3 Ne5 19. Rf4 Bxh3 20. Bxa8 Rxa8 21. Re4
Ng4 22. Bd2 Bg2 23. Rxg4 Qh1+ 24. Kf2 Qh2 25. Bf4 Bh3+ 26. Ke1 Bxg4 27. Qxe7
Qg1+ 28. Kd2 Qxa1 0-1

[Event "Moscow Open A 2015"]
[Site "Moscow RUS"]
[Date "2015.01.31"]
[Round "1.78"]
[White "Sadikhov, Ulvi"]
[Black "Litvinov, Maxim"]
[Result "1-0"]
[WhiteTitle "FM"]
[WhiteElo "2414"]
[BlackElo "2192"]
[WhiteFideId "13401416"]
[BlackFideId "24157449"]
[EventDate "2015.01.31"]

1. e4 e5 2. Nf3 Nc6 3. Bb5 Nf6 4. O-O Nxe4 5. Re1 Nd6 6. Nxe5 Nxe5 7. Rxe5+ Be7
8. Bd3 O-O 9. Nc3 Bf6 10. Re1 c6 11. b3 Re8 12. Ba3 Rxe1+ 13. Qxe1 Ne8 14. Qe4
g6 15. Re1 Ng7 16. Bd6 Ne6 17. Qb4 a5 18. Qa3 b6 19. Ne4 Bb7 20. Nxf6+ Qxf6 21.
Qa4 Qg5 22. Re3 Qd5 23. Bg3 c5 24. f3 Qd4 25. Qxd4 cxd4 26. Re1 a4 27. Be5 axb3
28. axb3 Ra2 29. Bf6 Kf8 30. Rc1 Bc6 31. Kf2 Nf4 32. Be4 Bxe4 33. fxe4 d3 34.
Ke3 Nh5 35. Be5 Rxc2 36. Ra1 Rc6 37. Kxd3 Ke7 38. Ke3 Re6 39. Bd4 Nf6 40. Bxf6+
Kxf6 41. d4 d5 42. e5+ Kg5 43. Rf1 f5 44. Rc1 f4+ 45. Kf3 Kf5 46. h4 h6 47. Rc8
g5 48. hxg5 hxg5 49. Rf8+ Kg6 50. Kg4 Rc6 51. Rg8+ Kf7 52. Rxg5 Rc3 53. Kxf4 Rd3
54. Kf5 Rxd4 55. e6+ Kf8 56. Kf6 Rf4+ 57. Ke5 1-0

[Event "Moscow Open A 2015"]
[Site "Moscow RUS"]
[Date "2015.01.31"]
[Round "1.79"]
[White "Dzhaumutbaev, Erzhan"]
[Black "Nozdrachev, Leonid"]
[Result "0-1"]
[BlackTitle "FM"]
[WhiteElo "2190"]
[BlackElo "2413"]
[WhiteFideId "4191110"]
[BlackFideId "24113433"]
[EventDate "2015.01.31"]

1. d4 Nf6 2. c4 g6 3. Nc3 Bg7 4. e4 d6 5. Nf3 O-O 6. Be2 e5 7. d5 a5 8. Bg5 h6
9. Bh4 Na6 10. Nd2 Qe8 11. a3 Bd7 12. b3 Nh7 13. O-O f5 14. f3 f4 15. Bf2 g5 16.
b4 h5 17. c5 Qg6 18. c6 bxc6 19. dxc6 Be6 20. b5 Nc5 21. Bxc5 dxc5 22. Bc4 Rf7
23. Bxe6 Qxe6 24. Qb3 Qg6 25. Nd5 Kh8 26. Rfc1 g4 27. Rxc5 Rg8 28. Rc2 Ng5 29.
b6 Ne6 30. b7 Rb8 31. Qd3 Nd4 32. Rc3 Bf8 33. Ra2 Nxc6 34. Qa6 Ne7 35. Qxg6 Nxg6
36. Rc6 Nh4 37. Rb2 Bxa3 38. Rb5 gxf3 39. Rxc7 Rxc7 40. Nxc7 Rxb7 41. Rxe5 Rxc7
42. Rxh5+ Kg7 43. Rxh4 Rc1+ 44. Kf2 Rc2 45. Rg4+ Kh6 46. Kxf3 Rxd2 47. Kxf4 a4
48. Kf5 Rf2+ 49. Ke6 Bb2 50. e5 a3 51. Ra4 Re2 52. Kf6 Bxe5+ 53. Kf5 a2 54. Ra6+
Kh7 55. Ra7+ Bg7 0-1

[Event "Moscow Open A 2015"]
[Site "Moscow RUS"]
[Date "2015.01.31"]
[Round "1.80"]
[White "Simonian, Tigran"]
[Black "Karpenko, Artem"]
[Result "1-0"]
[WhiteTitle "IM"]
[WhiteElo "2412"]
[BlackElo "2188"]
[WhiteFideId "13303597"]
[BlackFideId "24175595"]
[EventDate "2015.01.31"]

1. c4 e5 2. Nc3 Nf6 3. Nf3 Nc6 4. g3 Bc5 5. d3 h6 6. Bg2 O-O 7. O-O d6 8. a3 a6
9. b4 Ba7 10. Ne1 Rb8 11. Rb1 Ne7 12. Nc2 Be6 13. Be3 Bxe3 14. Nxe3 Nd7 15. Qd2
f5 16. f4 Ng6 17. fxe5 dxe5 18. Bh3 Qg5 19. Ne4 Qh5 20. Nf2 Qg5 21. Ne4 Qh5 22.
Nf2 c6 23. b5 Rbe8 24. bxc6 bxc6 25. Bg2 f4 26. Nc2 Qg5 27. Ne4 Qd8 28. Rb7 Re7
29. Nb4 Nb8 30. Rxb8 Qxb8 31. Nxc6 Qb6+ 32. c5 Qc7 33. Nxe7+ Nxe7 34. gxf4 exf4
35. Rc1 Nd5 36. Bf3 Ne3 37. Kf2 Qd8 38. Kg1 Bd5 39. c6 Bxe4 40. Bxe4 Qg5+ 41.
Kh1 Ng4 42. Qe1 f3 43. Bxf3 Nf2+ 44. Qxf2 Qxc1+ 45. Kg2 Qg5+ 46. Qg3 Qc5 47. Qg4
Rf5 48. d4 Qf8 49. h4 h5 50. Qg6 Rf6 51. Qxh5 Rh6 52. Qd5+ Kh8 53. c7 Rg6+ 54.
Kf2 1-0

[Event "Moscow Open A 2015"]
[Site "Moscow RUS"]
[Date "2015.01.31"]
[Round "1.81"]
[White "Bykov, Oleg"]
[Black "Demin, Alexandr"]
[Result "0-1"]
[BlackTitle "IM"]
[WhiteElo "2186"]
[BlackElo "2410"]
[WhiteFideId "24198978"]
[BlackFideId "4152921"]
[EventDate "2015.01.31"]

1. d4 Nf6 2. c4 c5 3. d5 b5 4. cxb5 a6 5. bxa6 Bxa6 6. Nc3 g6 7. e4 Bxf1 8. Kxf1
d6 9. Nf3 Bg7 10. g3 O-O 11. Kg2 Na6 12. Qe2 Nd7 13. Be3 Qa5 14. Bd2 Rfb8 15.
Rab1 Nb4 16. a3 Nc2 17. Rhc1 Nd4 18. Nxd4 cxd4 19. Na2 Qa4 20. Nb4 e6 21. Rc7
Nc5 22. Bf4 e5 23. Bg5 f6 24. Bd2 Qb3 25. Qg4 Rf8 26. Rc1 f5 27. Qh4 fxe4 28.
Rc3 Qd1 29. Qe7 Rxf2+ 30. Kxf2 Qxd2+ 31. Kg1 Qh6 32. Rc2 e3 33. Qxd6 Rf8 34.
R7xc5 Qh5 35. Qe6+ Kh8 36. Rc1 Qf3 37. Qh3 Qf2+ 38. Kh1 e2 39. Nd3 Qf3+ 40. Qg2
Qxd3 41. Rc8 e1=R+ 42. Rxe1 Rxc8 43. d6 Qb5 44. Qe4 Rd8 45. Rc1 Qxb2 46. Rc7
Qxa3 47. Qb7 Qxd6 48. Rxg7 Qd5+ 49. Kg1 Qxb7 50. Rxb7 d3 51. Rb1 d2 52. Rd1 Kg7
53. Kf2 Kf6 54. Ke3 Kf5 55. h3 e4 56. Rxd2 Rxd2 57. Kxd2 Ke5 58. Ke3 h5 59. g4
hxg4 60. hxg4 g5 0-1

[Event "Moscow Open A 2015"]
[Site "Moscow RUS"]
[Date "2015.01.31"]
[Round "1.82"]
[White "Naumkin, Igor"]
[Black "Nuzhdin, Andrey"]
[Result "1/2-1/2"]
[WhiteTitle "GM"]
[WhiteElo "2408"]
[BlackElo "2183"]
[WhiteFideId "4101715"]
[BlackFideId "24130362"]
[EventDate "2015.01.31"]

1. d4 g6 2. c4 Bg7 3. e4 Nc6 4. d5 Nd4 5. Ne2 c5 6. Nxd4 Bxd4 7. Nd2 Qa5 8. Bd3
b5 9. cxb5 a6 10. O-O axb5 11. Nb3 Qb6 12. Nxd4 cxd4 13. Qb3 Nf6 14. e5 Ng4 15.
Re1 f6 16. d6 e6 17. Bxb5 O-O 18. Qf3 Qa5 19. b4 Qxb5 20. Qxg4 fxe5 21. Qe4 Bb7
22. Qxe5 Qc6 23. Qg3 Rf5 24. Bb2 Qd5 25. h4 e5 26. Qb3 Qxb3 27. axb3 Rxa1 28.
Rxa1 Rf6 29. Ra7 Bc6 30. b5 Bxb5 31. Ra5 Rxd6 32. Rxb5 d3 33. Bc3 d2 34. Bxd2
Rxd2 35. Rxe5 Rb2 36. Re3 Kf7 37. g3 d5 38. Kg2 Kf6 39. Rf3+ Ke5 40. Rf7 Rxb3
41. Rxh7 Ke4 42. Rh6 Kf5 43. h5 gxh5 44. Rxh5+ Ke4 45. Rh4+ Ke5 46. Rh8 d4 47.
Re8+ Kf5 48. f3 Rb2+ 49. Kh3 d3 50. Rf8+ Ke5 51. Rd8 d2 52. Kg4 Ra2 53. f4+ Ke4
54. f5 Ra4 55. Rxd2 Ke3+ 56. Kg5 Kxd2 57. f6 Ke3 58. f7 1/2-1/2

[Event "Moscow Open A 2015"]
[Site "Moscow RUS"]
[Date "2015.01.31"]
[Round "1.83"]
[White "Terekhov, Konstantin"]
[Black "Kezin, Roman"]
[Result "0-1"]
[BlackTitle "FM"]
[WhiteElo "2178"]
[BlackElo "2408"]
[WhiteFideId "4115856"]
[BlackFideId "24124621"]
[EventDate "2015.01.31"]

1. d4 d5 2. c4 e6 3. Nc3 c6 4. e4 dxe4 5. Nxe4 Bb4+ 6. Bd2 Qxd4 7. Bxb4 Qxe4+ 8.
Be2 Na6 9. Ba5 Qh4 10. Qd6 Qe7 11. Qg3 f6 12. O-O-O Bd7 13. Qe3 Nh6 14. g4 e5
15. h3 O-O 16. f4 Rfe8 17. Qd2 b6 18. Bc3 Rad8 19. fxe5 Bxg4 20. Qe1 Rxd1+ 21.
Bxd1 Bxd1 22. Qxd1 fxe5 23. Nf3 e4 24. Rg1 exf3 25. Rxg7+ Qxg7 26. Bxg7 f2 27.
Bc3 Re1 28. Bxe1 f1=Q 29. Qd8+ Kg7 30. Qg5+ Kf7 31. Qh5+ Ke7 32. Qh4+ Kd7 33.
Kc2 Qf5+ 34. Kc1 Nf7 35. Qd4+ Kc8 36. b4 c5 37. bxc5 Nxc5 38. Bh4 Qf4+ 0-1

[Event "Moscow Open A 2015"]
[Site "Moscow RUS"]
[Date "2015.01.31"]
[Round "1.84"]
[White "Korchmar, Vasiliy"]
[Black "Gkogkas, Dimitrios"]
[Result "1-0"]
[WhiteTitle "FM"]
[WhiteElo "2405"]
[BlackElo "2175"]
[WhiteFideId "24131750"]
[BlackFideId "4200462"]
[EventDate "2015.01.31"]

1. Nf3 c5 2. g3 Nc6 3. Bg2 g6 4. O-O Bg7 5. e4 Nf6 6. Re1 O-O 7. c3 d5 8. e5 Ng4
9. d4 cxd4 10. cxd4 Nh6 11. h3 f6 12. Nc3 fxe5 13. dxe5 e6 14. Bg5 Qb6 15. Na4
Qa5 16. Rc1 Bd7 17. Nc5 Qc7 18. b4 a6 19. a4 b6 20. Nxe6 Bxe6 21. Nd4 Qf7 22.
Nxe6 Qxf2+ 23. Kh1 Nf5 24. Rxc6 Nxg3+ 25. Kh2 Ne4 26. Rxe4 dxe4 27. Qd5 Rf3 28.
Nd4+ Kh8 29. Nxf3 exf3 30. Rc2 1-0

[Event "Moscow Open A 2015"]
[Site "Moscow RUS"]
[Date "2015.01.31"]
[Round "1.85"]
[White "Askerov, Marat"]
[Black "Schroeder, Jan-Christian"]
[Result "0-1"]
[BlackTitle "FM"]
[WhiteElo "2283"]
[BlackElo "2405"]
[WhiteFideId "24175200"]
[BlackFideId "24662259"]
[EventDate "2015.01.31"]

1. d4 Nf6 2. c4 e6 3. Nf3 d5 4. g3 Be7 5. Bg2 O-O 6. O-O dxc4 7. Bg5 Nc6 8. e3
Rb8 9. Qe2 b5 10. b3 h6 11. Bxf6 Bxf6 12. bxc4 bxc4 13. Qxc4 Nb4 14. Rd1 Ba6 15.
Qc3 c5 16. Nbd2 cxd4 17. exd4 Qc8 18. Qxc8 Rfxc8 19. Ne4 Be7 20. Ne5 Nc2 21.
Rac1 Nxd4 22. Rxc8+ Rxc8 23. Bf1 Ne2+ 24. Kg2 Bb7 25. f3 Bxe4 26. fxe4 Rc2 27.
Rd7 Bc5 28. Nxf7 Ng1+ 29. Kh1 Nf3 0-1

[Event "Moscow Open A 2015"]
[Site "Moscow RUS"]
[Date "2015.01.31"]
[Round "1.86"]
[White "Sargsyan, Shant"]
[Black "Ali, Muhammad Lutfi"]
[Result "0-1"]
[WhiteTitle "CM"]
[BlackTitle "FM"]
[WhiteElo "2172"]
[BlackElo "2404"]
[WhiteFideId "13306766"]
[BlackFideId "7103743"]
[EventDate "2015.01.31"]

1. d4 Nf6 2. c4 g6 3. Nc3 Bg7 4. g3 O-O 5. Bg2 d6 6. Nf3 Nbd7 7. O-O e5 8. h3
Re8 9. e4 exd4 10. Nxd4 a6 11. Be3 Rb8 12. Qc2 c5 13. Nde2 b5 14. Rad1 Qe7 15.
cxb5 axb5 16. Nf4 Ne5 17. Ncd5 Nxd5 18. Nxd5 Qd8 19. f4 Nc4 20. e5 Qa5 21. Bf2
Bf5 22. Qc1 dxe5 23. b3 Nd6 24. Bxc5 Ne4 25. Ne7+ Rxe7 26. Bxe4 Bxe4 27. Bxe7
Qxa2 28. Rf2 Qxb3 29. Kh2 h5 30. Re1 Bf5 31. fxe5 Rc8 32. Qf4 Qe6 33. Bd6 Rc4
34. Qg5 Bxh3 35. Rc1 Bf5 36. Rxc4 bxc4 37. Qe3 c3 38. Qc5 c2 39. Rf1 Qb3 40. Be7
Qd3 41. Qf2 Bxe5 42. Rg1 Bd4 43. Qf4 Bxg1+ 44. Kxg1 Qd1+ 0-1

[Event "Moscow Open A 2015"]
[Site "Moscow RUS"]
[Date "2015.01.31"]
[Round "1.87"]
[White "Tillyaev, Ulugbek"]
[Black "Payanidi, Janis"]
[Result "1-0"]
[WhiteTitle "FM"]
[WhiteElo "2404"]
[BlackElo "2167"]
[WhiteFideId "14202441"]
[BlackFideId "24128490"]
[EventDate "2015.01.31"]

1. e4 e6 2. d4 d5 3. Nc3 Nf6 4. e5 Nfd7 5. Nf3 c5 6. dxc5 Bxc5 7. Bd3 Nc6 8. Bf4
h6 9. h3 a6 10. Qd2 b5 11. a3 Nb6 12. O-O Nc4 13. Bxc4 bxc4 14. b3 cxb3 15. cxb3
O-O 16. Ne2 Bd7 17. Rfc1 Ba7 18. Rc3 Qe7 19. Rac1 Rfc8 20. Ng3 f5 21. Nh5 Be8
22. Nxg7 Qxg7 23. Bxh6 Qg6 24. Nh4 Qh5 25. Rg3+ Kh7 26. Nf3 Nd4 27. Rg7+ Kh8 28.
Rxc8 Rxc8 29. Rxa7 Nxf3+ 30. gxf3 Bf7 31. Bg5 Rg8 32. f4 Qxh3 33. Qe3 Qg4+ 34.
Qg3 Qxg3+ 35. fxg3 Kg7 36. Rxa6 Rc8 37. b4 d4 38. Rd6 Rc3 39. Kf2 Rxa3 40. Rxd4
Rb3 41. Rc4 Kg6 42. Bf6 Be8 43. Rc8 Bb5 44. Be7 Bd3 45. Rb8 Bc4 46. Ke1 Kf7 47.
Bh4 Kg6 48. Rg8+ Kf7 49. Rb8 Kg6 50. Kd2 Kh5 51. Rg8 Kh6 52. Rb8 Kh5 53. Kc2 Kg4
54. Rg8+ Kh3 55. Be7 Kg2 56. Rc8 Bd5 57. Rc3 Rxc3+ 58. Kxc3 Kxg3 59. Bg5 Kf3 60.
Kd4 Ba8 61. b5 Bb7 62. b6 Ke2 63. Kc5 1-0

[Event "Moscow Open A 2015"]
[Site "Moscow RUS"]
[Date "2015.01.31"]
[Round "1.88"]
[White "Drygalov, Andrey"]
[Black "Tologontegin, Semetey"]
[Result "1/2-1/2"]
[BlackTitle "FM"]
[WhiteElo "2162"]
[BlackElo "2404"]
[WhiteFideId "24171735"]
[BlackFideId "13800574"]
[EventDate "2015.01.31"]

1. e4 g6 2. d4 Bg7 3. Nc3 c6 4. f4 d5 5. e5 Nh6 6. Nf3 Bg4 7. Be2 f6 8. Be3 Qb6
9. Na4 Qa5+ 10. c3 Nd7 11. b4 Qc7 12. O-O O-O 13. h3 Bxf3 14. Bxf3 e6 15. g4 a5
16. Nc5 Nxc5 17. bxc5 Rfb8 18. Rb1 Kh8 19. Qe2 Ng8 20. Bf2 f5 21. Rb6 Ne7 22.
Rfb1 Nc8 23. R6b3 b5 24. a3 Ne7 25. g5 h6 26. gxh6 Bxh6 27. Be3 a4 28. R3b2 Rg8
29. h4 Kg7 30. Qh2 Qa5 31. Rc1 Kf7 32. Rg2 Ke8 33. Kf2 Kd7 34. Bd2 Rh8 35. Rcg1
Rag8 36. h5 Bf8 37. Qh4 Rh7 38. Rg5 Qd8 39. Kf1 Rgh8 40. Qh3 Qe8 41. Rh1 Qf7 42.
Ke2 Bh6 43. hxg6 Nxg6 44. Rh5 Nf8 45. Qh4 Qe7 46. Qg3 Rg7 47. Qf2 Rgh7 48. R1h3
Bg7 49. Qh2 Rxh5 50. Bxh5 Rh6 51. Be1 Ng6 52. Bxg6 Rxg6 53. Bh4 Qf7 54. Bg5 Bf8
55. Bf6 Qg8 56. Rh7+ Kc8 57. Rh8 Qf7 58. Qh5 Rg2+ 59. Kf3 Qxh5+ 60. Rxh5 Rc2 61.
Rh8 Rxc3+ 62. Ke2 b4 63. Rxf8+ Kb7 64. axb4 a3 65. Rf7+ Ka6 66. Rf8 Kb5 67. Ra8
Kxb4 68. Kd2 Rh3 69. Kc2 Rh2+ 70. Kb1 Kb3 71. Rb8+ Kc3 72. Rb6 Rb2+ 73. Rxb2
axb2 74. Bg5 Kxd4 75. Kxb2 Ke3 76. Kc2 Ke2 77. Kc3 Ke3 78. Kc2 Kd4 79. Be7 Ke4
80. Bg5 Ke3 81. Kd1 Kd3 82. Bh6 Kd4 83. Bf8 Ke3 84. Bh6 Kd3 85. Bg5 1/2-1/2

[Event "Moscow Open A 2015"]
[Site "Moscow RUS"]
[Date "2015.01.31"]
[Round "1.89"]
[White "Sadykov, Ramil"]
[Black "Tukubayev, K"]
[Result "1-0"]
[WhiteTitle "FM"]
[WhiteElo "2403"]
[BlackElo "2157"]
[WhiteFideId "24113590"]
[BlackFideId "13708147"]
[EventDate "2015.01.31"]

1. e4 e5 2. Nf3 Nf6 3. d3 Nc6 4. c3 d5 5. Nbd2 Be7 6. g3 O-O 7. Qc2 Re8 8. Bg2
Bf8 9. O-O Bg4 10. h3 Bh5 11. Re1 Qd7 12. g4 dxe4 13. dxe4 Bg6 14. Nh4 Rad8 15.
Nc4 Qe6 16. Ne3 h6 17. Nhf5 Nb8 18. Qb3 Qxb3 19. axb3 a6 20. b4 Nbd7 21. Nc4 Rb8
22. f4 Rbc8 23. fxe5 Nxe5 24. Nxe5 Rxe5 25. Bf4 Rb5 26. e5 Ne8 27. Nd4 Rb6 28.
Nb3 Bc2 29. Na5 Rb8 30. Bd5 Be7 31. Nc4 Rb5 32. Ne3 Bg6 33. Bc4 Rb6 34. Rad1 Bh4
35. Re2 Be4 36. Rd4 Bf3 37. Red2 Be7 38. Rd7 1-0

[Event "Moscow Open A 2015"]
[Site "Moscow RUS"]
[Date "2015.01.31"]
[Round "1.90"]
[White "Amangeldiyev, Gurbangeldi, "]
[Black "Lugovskoy, Maxim"]
[Result "0-1"]
[BlackTitle "IM"]
[WhiteElo "2153"]
[BlackElo "2401"]
[WhiteFideId "14002302"]
[BlackFideId "24126454"]
[EventDate "2015.01.31"]

1. d4 d5 2. c4 e6 3. Nc3 Nf6 4. Nf3 Be7 5. Bf4 O-O 6. e3 b6 7. Qc2 Bb7 8. Be2 c5
9. cxd5 cxd4 10. exd4 Nxd5 11. Bg3 Nc6 12. O-O Rc8 13. Qd2 Na5 14. Ne5 Bg5 15.
f4 Be7 16. Rac1 g6 17. Rfd1 Nc6 18. Nf3 Ncb4 19. a3 Nxc3 20. bxc3 Nd5 21. c4 Nf6
22. Qb2 Ne4 23. Ne5 Nxg3 24. hxg3 Bf6 25. Bf3 Bxf3 26. gxf3 Qe7 27. Kf2 Rfd8 28.
Qb4 Qb7 29. a4 h5 30. a5 Qc7 31. axb6 axb6 32. Qb5 Kg7 33. Rd2 Be7 34. Qb1 Ra8
35. g4 hxg4 36. fxg4 Rh8 37. Kg2 Rh4 38. Rh1 Rxh1 39. Kxh1 Bf6 40. Qe4 Ra1+ 41.
Kg2 Qd8 42. g5 Bxg5 43. Qb7 Be7 44. d5 Qh8 45. Qxe7 Qh1+ 46. Kf2 Rf1+ 47. Ke3
Qh3+ 48. Ke2 Rxf4 49. Qg5 Rf5 50. Qe3 Qf1# 0-1

[Event "Moscow Open A 2015"]
[Site "Moscow RUS"]
[Date "2015.01.31"]
[Round "1.91"]
[White "Mu, Ke"]
[Black "Mamyrbay, Assad"]
[Result "1-0"]
[WhiteElo "2401"]
[BlackElo "2152"]
[WhiteFideId "8602778"]
[BlackFideId "13708880"]
[EventDate "2015.01.31"]

1. d4 Nf6 2. c4 g6 3. Nc3 d5 4. cxd5 Nxd5 5. e4 Nxc3 6. bxc3 Bg7 7. Nf3 c5 8.
Rb1 O-O 9. Be2 cxd4 10. cxd4 Qa5+ 11. Bd2 Qxa2 12. O-O Bg4 13. Rxb7 Nc6 14. d5
Ne5 15. Nxe5 Bxe2 16. Qxe2 Bxe5 17. Qd3 Bf6 18. Bf4 Rfd8 19. Bc7 Rf8 20. e5 Bg7
21. Rfb1 e6 22. Bd6 exd5 23. Bxf8 Rxf8 24. f4 Qa4 25. R7b4 Qc6 26. Rb5 Rd8 27.
h3 Bf8 28. Kh2 d4 29. Rb8 Qd5 30. R1b5 Qd7 31. R5b7 Qd5 32. Rxd8 Qxb7 33. Qa3 1-0

[Event "Moscow Open A 2015"]
[Site "Moscow RUS"]
[Date "2015.01.31"]
[Round "1.92"]
[White "Shandrygin, Nikita"]
[Black "Tsydypov, Zhamsaran"]
[Result "0-1"]
[BlackTitle "FM"]
[WhiteElo "2151"]
[BlackElo "2398"]
[WhiteFideId "24198668"]
[BlackFideId "4108566"]
[EventDate "2015.01.31"]

1. g3 d5 2. Nf3 Nf6 3. Bg2 c6 4. O-O Bg4 5. d4 Nbd7 6. Nbd2 e6 7. b3 a5 8. c4
Bd6 9. Bb2 O-O 10. Ne5 Bh5 11. Qe1 a4 12. e4 Qa5 13. Nxd7 Nxd7 14. c5 Be7 15.
Qe3 Nf6 16. e5 Ng4 17. Qc3 Bd8 18. b4 Qa6 19. h3 Nh6 20. Rfe1 Be2 21. Bc1 Nf5
22. Nf3 f6 23. Bf4 a3 24. Nd2 Qd3 25. Qxd3 Bxd3 26. Nb3 Bc4 27. g4 Nh4 28. Nd2
fxe5 29. Bxe5 Bg5 30. Nf1 Ra4 31. Ne3 Nxg2 32. Kxg2 Rxb4 0-1

[Event "Moscow Open A 2015"]
[Site "Moscow RUS"]
[Date "2015.01.31"]
[Round "1.93"]
[White "Svetlov, Dmitry"]
[Black "Zhuk, Valeriy"]
[Result "1-0"]
[WhiteTitle "FM"]
[WhiteElo "2396"]
[BlackElo "2150"]
[WhiteFideId "24102610"]
[BlackFideId "24151254"]
[EventDate "2015.01.31"]

1. d4 e6 2. c4 d5 3. Nf3 Nf6 4. g3 Be7 5. Bg2 O-O 6. O-O dxc4 7. Ne5 Nc6 8. Bxc6
bxc6 9. Nxc6 Qe8 10. Nxe7+ Qxe7 11. Qa4 e5 12. dxe5 Qxe5 13. Qxc4 Be6 14. Qd3
Rad8 15. Qe3 Qh5 16. f3 Bc4 17. Nc3 h6 18. Qxa7 Rfe8 19. Rf2 Bxe2 20. Nxe2 Rd1+
21. Kg2 Ng4 22. fxg4 Qd5+ 23. Kh3 h5 24. Qa4 Re4 25. Qxe4 Qxe4 26. gxh5 Qe6+ 27.
g4 Rd3+ 28. Ng3 Rd1 29. a4 g6 30. hxg6 Qxg6 31. Rd2 Qh6+ 32. Nh5 Rxd2 33. Bxd2
Qxd2 34. Ra3 Qxb2 35. Re3 Qb4 36. Re4 Qc3+ 37. Kh4 c5 38. Kg5 Qd2+ 39. Kf5 Qd7+
40. Kg5 Qc6 41. Re8+ 1-0

[Event "Moscow Open A 2015"]
[Site "Moscow RUS"]
[Date "2015.01.31"]
[Round "1.94"]
[White "Selivanov, Ivan"]
[Black "Sharafiev, Azat"]
[Result "0-1"]
[BlackTitle "IM"]
[WhiteElo "2149"]
[BlackElo "2395"]
[WhiteFideId "24199060"]
[BlackFideId "4186214"]
[EventDate "2015.01.31"]

1. e4 c5 2. Nf3 e6 3. d4 cxd4 4. Nxd4 Nc6 5. Nc3 d6 6. Be3 Nf6 7. Be2 Be7 8. f4
O-O 9. O-O e5 10. Nb3 exf4 11. Bxf4 Be6 12. Kh1 d5 13. exd5 Nxd5 14. Nxd5 Qxd5
15. Bf3 Qc4 16. Be2 Qa4 17. Qd3 Rad8 18. Qg3 g6 19. Bc7 Rd7 20. Rf4 Nd4 21. Nxd4
Rxd4 22. b3 Qd7 23. Rxd4 Qxd4 24. Be5 Qd2 25. Re1 Qxc2 26. Ba1 Qd2 27. Bc4 Bd6
28. Qh4 Bxc4 29. bxc4 Qf4 30. Qh3 h5 31. c5 Bc7 32. Kg1 Rd8 33. Rf1 Qc4 34. Qf3
Qxc5+ 35. Kh1 Qf5 36. Qe2 Qd5 37. Qf2 f5 38. Re1 Qd6 39. Qh4 Qf4 40. Qh3 Rd3 41.
g3 Qf2 42. Rf1 Rd1 43. Rxd1 Qf3+ 44. Kg1 Qxd1+ 45. Qf1 Qxf1+ 46. Kxf1 Kf7 47.
Ke2 Ke6 48. Bg7 0-1

[Event "Moscow Open A 2015"]
[Site "Moscow RUS"]
[Date "2015.01.31"]
[Round "1.95"]
[White "Gevorgyan, David"]
[Black "Kruzhilin, Aleksey"]
[Result "1-0"]
[WhiteElo "2395"]
[BlackElo "2141"]
[WhiteFideId "13303244"]
[BlackFideId "24177547"]
[EventDate "2015.01.31"]

1. d4 d5 2. c4 c6 3. Nc3 Nf6 4. Nf3 a6 5. a4 e6 6. Bg5 Bb4 7. Qc2 h6 8. Bh4 Nbd7
9. e3 O-O 10. Bd3 Re8 11. O-O Qc7 12. h3 a5 13. Rac1 dxc4 14. Bxc4 Bd6 15. Ba2
e5 16. Qb3 Re7 17. Nd5 Nxd5 18. Bxe7 Nxe7 19. Qxf7+ Kh7 20. Ng5+ 1-0